01408 2200493 4500001002100000005001500021035002500036008004100061020001800102082001400120090001800134100001700152245012500169250002500294260003400319300004400353500003600397500001100433500006700444650001100511850001200522040001200534084001400546700002700560700002500587041001300612504002500625990001500650990001500665990001500680990001500695990001500710990001500725990002100740990002100761990001500782990001500797990001500812990001500827990001500842990001500857990002100872990002100893YOGYA-0209000006797220180515023328 a0010-020900000067972180508 0 ind  a979-413-816-9042[23]a410 aDEP 410 Rob L1 aROBINS, R.H.1 aLinguistik umum :bsebuah pengantar /cR.H. Robins; penerjemah, Soenarjati Djajanegara; penyunting, Kentjanawati Gunawan aCetakan Pertama 1992 aYogyakarta :bKanisius,c1992 axxiv, 555 halaman :bilustrasi ;c23 cm aJudul asli: General linguistics aIndeks aTeks dalam bahasa Indonesia, diterjemahkan dari bahasa Inggris 4aBahasa aYOPDYOG aYOPDYOG a410 Rob L0 aSOENARJATI DJAJANEGARA0 aKENTJANAWATI GUNAWAN1 aindheng aTermasuk bibliografi a59503-P/95 a68963-P/95 a68962-P/95 a68961-P/95 a91517-P/97 a40186-P/93 aCB-D.11/1992-052 aCB-D.11/1992-467 a59503-P/95 a68963-P/95 a68962-P/95 a68961-P/95 a91517-P/97 a40186-P/93 aCB-D.11/1992-052 aCB-D.11/1992-467